000 00659cam a22002411 4500
001 sa 65000794
003 DLC
005 20260227112105.0
008 850817s1964 io bf 000 0 ind
010 _asa 65000794
025 _aPL480:Indo-1182
035 _a(OCoLC)12395721
040 _aDLC
_cKyU
_dDLC
042 _apremarc
050 0 0 _aBP161.2
_b.S9
100 0 _aSjafaʼat.
245 1 0 _aPengantar studi Islam,
_bmengantarkan pembatja manggali api Islam.
250 _a[Tjet. 1]
260 _aDjakarta,
_bBulan Bintang,
_c1964.
300 _a132 p.
_c20 cm.
504 _aBibliography: p. 131-132.
650 0 _aIslam
_vHandbooks, manuals, etc.
999 _c61750
_d61750